Normal view
MARC view
- Atif Qayyum
Entry Personal Name
001 - CONTROL NUMBER
- control field: 84157
003 - CONTROL NUMBER IDENTIFIER
- control field: NUST
005 - DATE AND TIME OF LATEST TRANSACTION
- control field: 20211115165406.0
008 - FIXED-LENGTH DATA ELEMENTS
- fixed length control field: 211115|| aca||aabn | a|a d
040 ## - CATALOGING SOURCE
- Original cataloging agency: NUST
- Transcribing agency: NUST
100 ## - HEADING--PERSONAL NAME
- Personal name: Atif Qayyum
670 ## - SOURCE DATA FOUND
- Source citation: Work cat.: (NUST)578564: Atif Qayyum, TH-SOF-1733-Finite Time Estimation,Controland StabilityofContinuous,Discreteand Sampled-data Linear Systems, 2020
